000 00603nam a2200205 u 4500
005 20220603063727.0
008 121015s2007 ve r 000 0 spa d
020 _a9806450353
035 _aUPN01000187524
049 _aI
050 4 _aPZ73
_bA7.3
100 1 _aArellano, Gladys
_932670
245 1 0 _aAbecedario temerario /
_cGladys Arellano ; il. Cynthia Bustillos.
260 _a[Caracas] :
_bCamelia,
_c2007.
300 _a[54] p. :
_bil. col.
650 4 _aCuentos infantiles
_96744
650 4 _aESPAÑOL -
_xALFABETO -
_vLITERATURA INFANTIL
_921313
905 _aInfantil
999 _c159627
_d159627